00622nam a22001817a 450000500170000000800410001702000190005804100080007708000260008510000170011124500830012825000190021126400180023030000200024865300980026865300320036670000420039820260430164736.0260430s2003 fr ||||| |||| 00| 0 fre d a9782717842739x afre a336.71 : 005.334 S-61 aSimon, Yves  aFinance internationale et gestion des risques c Yves Simon, Delphine Lautier. aFrench Edition aParis,c2003. a384 p.;b24 cm. aსაერთაშორისო ფინანსები და რისკები aეკონომიკა aLautier, Delphineeავტორი